A quick course in statistical process control

Spremljeno u:
Bibliografski detalji
Glavni autor: Norton, Mick
Format: Knjiga
Jezik:Undetermined
Izdano: New Jersey Pearson Prentice Hall 2005
Teme:
Oznake: Dodaj oznaku
Bez oznaka, Budi prvi tko označuje ovaj zapis!
Thư viện lưu trữ: Trung tâm Học liệu Trường Đại học Cần Thơ
LEADER 00550nam a2200205Ia 4500
001 CTU_93804
008 210402s9999 xx 000 0 und d
020 |c 43.40 
082 |a 658.562 
082 |b N882 
100 |a Norton, Mick 
245 2 |a A quick course in statistical process control 
245 0 |c Mick Norton 
260 |a New Jersey 
260 |b Pearson Prentice Hall 
260 |c 2005 
650 |a Quality control 
650 |x Statistical methods 
904 |i Tuyến 
980 |a Trung tâm Học liệu Trường Đại học Cần Thơ